000 00275nam a2200121Ia 4500
008 190216s9999||||xx |||||||||||||| ||und||
100 _aNicholas Craig
245 0 _aI An Actor
260 _bPan Books London
_c1988
300 _a138p
650 _aAutobiography
942 _cBK
999 _c14072
_d14072